Nové vedenie Luniku IX šetrí na úrade

Bibliographic Details
Format: Article
Language:Slovak
PhysicalDescription:Fotogr.
ISSN:1335-4566
Subjects:

MARC

LEADER 00000nab a2200000 a 4500
001 vtls010264694
003 SK-MaSNL
005 20260303092348.0
008 110317c20110217xo drz 0 0slo
038 |a KEVKJB 
040 |a KEVKJB  |b slo  |c KEVKJB  |e AACR2 
041 0 |a slo 
044 |a xo  |c SK 
080 |a 323.15(=214.58)  |2 2001 
080 |a 352.9  |2 2001 
245 0 0 |a Nové vedenie Luniku IX šetrí na úrade  |c Marek Poracký 
300 |b Fotogr. 
610 1 7 |a Luník IX (Košice II, Slovensko).  |b Miestny úrad  |2 kevkjb  |9 193765 
651 7 |a Košice (Slovensko)  |2 kevkjb  |9 18694 
655 7 |a romiká  |2 kevkjb  |9 310820 
773 0 |t Košický Korzár  |g Roč. XIV., č. 39 (17.2.2011), s. 4  |x 1335-4566 
852 |a KEVKJB  |b KIS3GCP 
958 |a RQ 
999 |c 1811979  |d 1813909